| 000 | 00526 a2200157 4500 | ||
|---|---|---|---|
| 020 | _a0195141954 | ||
| 020 | _a9780195141955 | ||
| 082 | 0 | 4 | _a530.12 |
| 090 |
_c614 _d614 |
||
| 100 | 1 | _aFayer, Michael D. | |
| 245 | 1 | 0 |
_aElements of quantum mechanics / _cMichael D. Fayer. |
| 260 |
_a[S.l.] : _bOxford University Press, USA, _c2001. |
||
| 300 |
_a356 p. ; _c24 cm. |
||
| 942 |
_aSNS _cBK _k530.12 FAY |
||
| 999 |
_c29244 _d29244 |
||